000 00453nam a2200169Ia 4500
005 20250508152841.0
008 008 250505s9999 xx 000 0 eng d
037 _aTextual
040 _aFEDL
_beng
_cFEDL
041 _aeng
_2eng
084 _a371.425, PAT
_qFEDL
100 _aPattersons C H
_9762566
245 0 _aCounseling and guidance in schools
300 _a382p.
942 _cTEXL
_h371.425, PAT
999 _c1339188
_d1339188